Paroles : Hôtel des voyageurs - Serge Reggiani - Statistiques

Statistiques générales
  • Ce quiz a été pris 14 fois
  • Le résultat moyen est 198 sur 277
Statistiques - réponses
Réponse % Correct
à
100%
a
100%
À
100%
de
100%
De
100%
des
100%
Des
100%
Et
100%
et
100%
Hôtel
100%
la
100%
La
100%
100%
le
100%
Le
100%
les
100%
Les
100%
mon
100%
Nous
100%
nous
100%
sa
100%
Sur
100%
sur
100%
ta
100%
t'a
100%
tous
100%
voyageurs
100%
au
90%
Au
90%
Ce
90%
Chambre
90%
chambre
90%
du
90%
il
90%
Ma
90%
mes
90%
ne
90%
sous
90%
tu
90%
Tu
90%
un
90%
beau
80%
dans
80%
eux
80%
jamais
80%
jardin
80%
Je
80%
je
80%
joue
80%
moi
80%
Monsieur
80%
nos
80%
80%
pas
80%
Pas
80%
plus
80%
Polonaise
80%
Pour
80%
que
80%
Que
80%
Qui
80%
qui
80%
soirs
80%
ton
80%
une
80%
Une
80%
Vue
80%
Ça
70%
cette
70%
fait
70%
Ils
70%
ils
70%
jour
70%
Machin
70%
se
70%
sont
70%
te
70%
toi
70%
Avant
60%
cent-treize
60%
Comme
60%
dernières
60%
être
60%
fais
60%
femme
60%
lève
60%
l'indifférence
60%
quai
60%
quand
60%
vacances
60%
valise
60%
veut
60%
y
60%
acteurs
50%
adieux
50%
amours
50%
aussi
50%
chemises
50%
chez
50%
cinéma
50%
décor
50%
ennemie
50%
fleurs
50%
leur
50%
même
50%
Même
50%
mets
50%
n'arriverons
50%
Ont
50%
quitter
50%
Rentrent
50%
ridicules
50%
rire
50%
t'attendrir
50%
tristes
50%
Bougent
40%
d'artiste
40%
déchirures
40%
l'on
40%
malgré
40%
meurent
40%
pendule
40%
perdu
40%
regarde
40%
Ressemble
40%
Ressemblent
40%
saluts
40%
abeille
30%
blé
30%
chaise
30%
champ
30%
comédie
30%
corps
30%
demandé
30%
doublés
30%
endormie
30%
finit
30%
laissé
30%
Lorsque
30%
m'abandonner
30%
Morte
30%
mots
30%
mur
30%
n'applaudit
30%
restent
30%
Rouge
30%
Sorte
30%
t'ai
30%
Tiennent
30%
vent
30%
vitre
30%
voudrais
30%
amants
20%
arbres
20%
couleur
20%
d'octobre
20%
doré
20%
drame
20%
ensemble
20%
jette
20%
n'allaient
20%
robe
20%
veille
20%
vient
20%
Aucun quiz correspondant
Distribution des résultats
% des personnes avec chaque résultat
Percentile par nombre de réponses
Votre historique - résultats
Vous n’avez pas pris ce quiz